Statistics for Pink Floyd's members' solo albums

Click here to take the quiz!

General Stats

  • This quiz has been taken 36 times
  • The average score is 9 of 17

Answer Stats

MembersAlbums% Correct
Roger Waters (1984)The Pros and Cons of Hitch Hiking
78%
David Gilmour (2015)Rattle That Lock
74%
Roger Waters (1987)Radio K.A.O.S.
70%
Roger Waters (1992)Amused to Death
65%
Syd Barrett (1970)Barrett
65%
David Gilmour (1978)David Gilmour
65%
David Gilmour (2006)On an Island
65%
Syd Barrett (1970)The Madcap Laughs
61%
Richard Wright (1978)Wet Dream
61%
David Gilmour (1984)About Face
52%
Roger Waters (2017)Is This the Life We Really Want?
52%
Richard Wright (1996)Broken China
48%
Nick Mason (1981)Nick Mason's Fictitious Sports
35%
Richard Wright (with Zee, 1984)Identity
26%
Roger Waters (with Ron Geesin, 1970)Music from The Body
26%
David Gilmour (with The Orb, 2010)Metallic Spheres
22%
Nick Mason (with Rick Fenn, 1985)Profiles
22%

Score Distribution

Percentile by Number Answered

Percent of People with Each Score

Your Score History

You have not taken this quiz